100 things to know about History / (Record no. 48241)
| 000 -LEADER | |
|---|---|
| fixed length control field | 00414nam a2200121 4500 |
| 020 ## - INTERNATIONAL STANDARD BOOK NUMBER | |
| International Standard Book Number | 9781474922753 |
| 100 ## - MAIN ENTRY--PERSONAL NAME | |
| Personal name | Cowan, Laura, |
| Relator term | author. |
| 9 (RLIN) | 80642 |
| 245 ## - TITLE STATEMENT | |
| Title | 100 things to know about History / |
| Statement of responsibility, etc | written by Laura Cowan. Illustrated by Federico Mariani. |
| 260 ## - PUBLICATION, DISTRIBUTION, ETC. (IMPRINT) | |
| Place of publication, distribution, etc | London, England ; |
| Name of publisher, distributor, etc | Usborne : |
| Date of publication, distribution, etc | 2018. |
| 300 ## - PHYSICAL DESCRIPTION | |
| Extent | 127 pages. |
| Dimensions | 0.71 x 6.93 x 9.45 inches. |
| 490 ## - SERIES STATEMENT | |
| Series statement | 100 Things to know about |
| 942 ## - ADDED ENTRY ELEMENTS (KOHA) | |
| Source of classification or shelving scheme | |
| Koha item type | Book |
| Withdrawn status | Lost status | Source of classification or shelving scheme | Damaged status | Not for loan | Home library | Current library | Date acquired | Total Checkouts | Full call number | Barcode | Date last seen | Date checked out | Price effective from | Koha item type |
|---|---|---|---|---|---|---|---|---|---|---|---|---|---|---|
| Logos International School | Logos International School | 01/28/2025 | 17 | J 900 COW | 040296 | 04/24/2026 | 04/10/2026 | 01/28/2025 | Book |